Statistics for U.S States and Chemical Elements

Click here to take the quiz!

General Stats

  • This quiz has been taken 17 times
    (11 since last reset)
  • The average score is 23 of 30

Answer Stats

HintState% Correct
ALAlabama
90%
Argon
90%
ARArkansas
90%
CACalifornia
90%
COColorado
90%
GAGeorgia
90%
INIndiana
90%
LALouisiana
90%
MDMaryland
90%
MNMinnesota
90%
MOMissouri
90%
MTMontana
90%
NDNorth Dakota
90%
PAPennsylvania
90%
SCSouth Carolina
90%
Aluminium
80%
Calcium
80%
Cobalt
80%
Indium
80%
NENebraska
80%
Gallium
70%
Manganese
70%
Molybdenum
60%
Neodymium
60%
Neon
60%
Scandium
60%
Lanthanum
40%
Meitnerium
40%
Mendelevium
40%
Protactinium
30%

Score Distribution

Percentile by Number Answered

Percent of People with Each Score

Your Score History

You have not taken this quiz since the last reset